| 000 | 00708nam a2200241Ia 4500 | ||
|---|---|---|---|
| 003 | OSt | ||
| 005 | 20220918200530.0 | ||
| 006 | a|||||r|||| 00| 0 | ||
| 007 | ta | ||
| 008 | 220917b |||||||| |||| 00| 0 eng d | ||
| 024 | _a89,191 | ||
| 037 | _cTextual | ||
| 040 |
_aARTS _cARTS _beng |
||
| 041 |
_2eng _aeng |
||
| 082 | _aT9(2:97(A))p73.N62, K2 | ||
| 110 |
_aConference on training science information specilists (Georgia) _994501 |
||
| 245 | 0 | _aProceedings | |
| 260 |
_aNa _bNa _c1962 |
||
| 650 | _aEDUCATION | ||
| 700 |
_aConference on training science information specilists (Georgia) _994502 |
||
| 942 |
_hT9(2:97(A))p73.N62, K2 _cTEXL _2CC |
||
| 999 |
_c212861 _d212861 |
||